Human geography
A great book about the culture of the world, and how we have evolved over time.
Guardat en:
| Autor principal: | |
|---|---|
| Format: | Llibre |
| Idioma: | Undetermined |
| Publicat: |
Boston
McGraw-Hill Higher Education
2008
|
| Matèries: | |
| Etiquetes: |
Afegir etiqueta
Sense etiquetes, Sigues el primer a etiquetar aquest registre!
|
| Thư viện lưu trữ: | Trung tâm Học liệu Trường Đại học Cần Thơ |
|---|
| LEADER | 00648nam a2200205Ia 4500 | ||
|---|---|---|---|
| 001 | CTU_187191 | ||
| 008 | 210402s9999 xx 000 0 und d | ||
| 020 | |c 17.66 | ||
| 082 | |a 304.2 | ||
| 082 | |b F319 | ||
| 100 | |a Fellmann, Jerome Donald | ||
| 245 | 0 | |a Human geography | |
| 245 | 0 | |c Jerome Donald Fellmann, Arthur Getis, Judith Getis | |
| 260 | |a Boston | ||
| 260 | |b McGraw-Hill Higher Education | ||
| 260 | |c 2008 | ||
| 520 | |a A great book about the culture of the world, and how we have evolved over time. | ||
| 650 | |a Human geography,Địa lý nhân | ||
| 904 | |i Trúc | ||
| 980 | |a Trung tâm Học liệu Trường Đại học Cần Thơ | ||